000 00289nam a22001337a 4500
008 210428b ||||| |||| 00| 0 eng d
041 _aeng
080 _a574
082 _a574
100 _a9
101 _aMJE
245 _aThe New Book of Popular Science
_cGrolier,
942 _2udc
_cBK
999 _c56876
_d56876